Regions of Guyana with a Map - Statistics

General Stats
  • This quiz has been taken 4,110 times
  • The average score is 6 of 10
Answers on the Map
Answers color-coded by a green-red scale on the quiz's map according to % correct below.
 
Answer Stats
Region % Correct
Demerara-Mahaica
69%
Upper Demerara-Berbice
69%
Mahaica-Berbice
67%
Essequibo Islands-West Demerara
62%
Upper Takutu-Upper Essequibo
62%
Barima-Waini
60%
East Berbice-Corentyne
60%
Pomeroon-Supenaam
53%
Potaro-Siparuni
50%
Cuyuni-Mazaruni
49%
No matching quizzes found
Score Distribution
Percent of People with Each Score
Percentile by Number Answered
Your Score History
You have not taken this quiz